00558nam a2200169Ia 4500008004000000082001500040100002000055245004700075250000500122260004200127300001300169650002900182690002400211906001000235999001700245952012600262210210b1978 xxu||||| |||| 00| 0 eng d a658.3 TRIP aTRIPATHI (P C). aPersonnel management: theory and practice. a aNew Delhi.bSultan Chand & Sonsc1978 axiii,270 aPersonnel Management  aPersonnel Managemen a03335 c84489d84489 001040708ManagementaALbALcManagementd2021-02-17g35.00l0o658.3 TRIPp033352r2021-02-17 00:00:00w2021-02-17yBK